International trade and the transfer of environmental costs and benefits / (Registro nro. 1909)

Detalles MARC
000 -CABECERA
Campo de control 01199nam a22002777a 4500
005 - FECHA Y HORA DE LA ULTIMA TRANSACCION
Campo de control 20160224102859.0
008 - ELEMENTOS DE LONGITUD FIJA—INFORMACION GENERAL
Campo de control 950306s1993 fr a bs i000 0 eng
040 ## - FUENTE DE CATALOGACIÓN
Agencia catalogadora original DLC
Agencia transcriptora DLC
Agencia Modificadora CO-BoIAVH
041 0# - IDIOMA
Código de idioma para texto/pista de sonido o título separado Inglés
Código de idioma del sumario o resumen/título o subtítulo sobreimpreso fre
044 ## - PAÍS DE PUBLICACIÓN
País de publicación Francia
082 04 - NUMERO DE CLASIFICACION DECIMAL DEWEY
Número de clasificación 333.7
Número del ítem L47i
100 1# - ASIENTO PRINCIPAL--NOMBRE PERSONAL
Nombre personal Lee, Hiro.
9 (RLIN) 13713
245 10 - MENCION DE TITULO
Título International trade and the transfer of environmental costs and benefits /
Mención de responsabilidad por Hiro Lee y David Roland-Holst.
260 ## - PUBLICACION, DISTRIBUCION, ETC. (PIE DE IMPRENTA)
Lugar de publicación, distribución, etc. París (Francia) :
Nombre del editor, distribuidor, etc. Organisation for Economic Co-operation and Development,
Fecha de publicación, distribución, etc. 1993.
300 ## - DESCRIPCION FISICA
Extensión 56 páginas :
Otros detalles físicos ilustraciones ;
Dimensiones 30 x 21 cm.
490 0# - MENCION DE SERIE
Mención de serie OECD Technical papers ;
Designación numérica/secuencial del volumen 91
500 ## - NOTA GENERAL
Nota general "Produced as part of the research programme on sustainable development, environment, resource use, technology and trade."
504 ## - NOTA DE BIBLIOGRAFIA, ETC.
Nota de bibliografía Includes bibliographical references (p. 50-51).
546 ## - NOTA DE IDIOMA
Nota de idioma Sumario en Francés.
650 #6 - ASIENTO SECUNDARIO DE MATERIA - TERMINO TEMATICO
Término temático o nombre geográfico como elemento de entrada Medio ambiente
Subdivisión general Comercio internacional
9 (RLIN) 62501
650 #6 - ASIENTO SECUNDARIO DE MATERIA - TERMINO TEMATICO
Término temático o nombre geográfico como elemento de entrada Medio ambiente
Subdivisión general Polución
9 (RLIN) 62502
650 #6 - ASIENTO SECUNDARIO DE MATERIA - TERMINO TEMATICO
Término temático o nombre geográfico como elemento de entrada Medio ambiente
Subdivisión general mejora
-- transferencia de información
9 (RLIN) 62503
650 #6 - ASIENTO SECUNDARIO DE MATERIA - TERMINO TEMATICO
Término temático o nombre geográfico como elemento de entrada Medio ambiente
Subdivisión general Aspectos económicos
-- transferencia de información
9 (RLIN) 62504
700 1# - ASIENTO SECUNDARIO - NOMBRE PERSONAL
Nombre personal Roland-Holst, David W.
9 (RLIN) 62505
942 ## - ELEMENTOS ADICIONALES (KOHA)
Sistema de clasificación Dewey Decimal Classification
Tipo de ítem Libro
Existencias
Withdrawn status Lost status Sistema de Clasificación Damaged status No para préstamo Colección Inventariado Ubicación Permanente Ubicación actual Fecha de adquisición Fuente de Valor Valor Total Checkouts Número topográfico Inventario / Código de Barras Date last seen Ejemplar Price effective from Forma de adquisición Tipo de material
    Dewey Decimal Classification     General Inventariado 2017 Bogotá Bogotá 25/01/2001 Instituto 39000.00   LB-333.7 L47i 002384 04/12/2012 Ej. 1 04/12/2012   Libro